| 000 | 00633nam a2200241Ia 4500 | ||
|---|---|---|---|
| 003 | OSt | ||
| 005 | 20220918194744.0 | ||
| 006 | a|||||r|||| 00| 0 | ||
| 007 | ta | ||
| 008 | 220917b |||||||| |||| 00| 0 eng d | ||
| 024 | _a81,385 | ||
| 037 | _cTextual | ||
| 040 |
_aARTS _cARTS _beng |
||
| 041 |
_2eng _aeng |
||
| 082 | _aS:6820r1, N0 | ||
| 100 |
_aJoanette Y _986866 |
||
| 245 | 0 | _aRight hemisphere and verbal communication | |
| 260 |
_aN York _bSpringer Verlag _c1990 |
||
| 300 |
_avi, 228p. _ccm. |
||
| 650 | _aPSYCHOLOGY | ||
| 942 |
_hS:6820r1, N0 _cTEXL _2CC |
||
| 999 |
_c205107 _d205107 |
||